| 000 | 02004nam a2200361Ia 4500 | ||
|---|---|---|---|
| 001 | ebr10132082 | ||
| 003 | CaPaEBR | ||
| 006 | m u | ||
| 007 | cr cn||||||||| | ||
| 008 | 060922s2006 dcua sb 000 0 eng d | ||
| 010 | _z 2006281426 | ||
| 020 | _z0309097215 (pbk.) | ||
| 040 |
_aCaPaEBR _cCaPaEBR |
||
| 035 | _a(OCoLC)191943004 | ||
| 050 | 1 | 4 |
_aTP155.6 _b.T47 2006eb |
| 082 | 0 | 4 |
_a660/.2804 _222 |
| 245 | 0 | 0 |
_aTerrorism and the chemical infrastructure _h[electronic resource] : _bprotecting people and reducing vulnerabilities / _cCommittee on Assessing Vulnerabilities Related to the Nation's Chemical Infrastructure, Board on Chemical Sciences and Technology, Division on Earth and Life Studies, Transportation Research Board, National Research Council of the National Academies. |
| 260 |
_aWashington, DC : _bNational Academies Press, _cc2006. |
||
| 300 |
_axv, 136 p. : _bill. |
||
| 504 | _aIncludes bibliographical references. | ||
| 533 |
_aElectronic reproduction. _bPalo Alto, Calif. : _cebrary, _d2009. _nAvailable via World Wide Web. _nAccess may be limited to ebrary affiliated libraries. |
||
| 536 | _a"Support for this study was provided by the U. S. Department of Homeland Security under contract number HSHQPA-04-C-00010" | ||
| 650 | 0 |
_aChemical plants _xSecurity measures _zUnited States. |
|
| 650 | 0 |
_aChemical plants _xRisk assessment. |
|
| 650 | 0 |
_aChemical industry _xSecurity measures _zUnited States. |
|
| 650 | 0 |
_aChemical industry _xRisk assessment. |
|
| 655 | 7 |
_aElectronic books. _2local |
|
| 710 | 2 |
_aNational Research Council (U.S.). _bCommittee on Assessing Vulnerabilities Related to the Nation's Chemical Infrastructure. |
|
| 710 | 2 |
_aNational Research Council (U.S.). _bDivision on Earth and Life Studies. |
|
| 710 | 2 |
_aNational Research Council (U.S.). _bTransportation Research Board. |
|
| 710 | 2 | _aebrary, Inc. | |
| 856 | 4 | 0 |
_uhttp://site.ebrary.com/lib/rucke/Doc?id=10132082 _zAn electronic book accessible through the World Wide Web; click to view |
| 999 |
_c80570 _d80570 |
||